| 000 | 00412nam a22001457a 4500 | ||
|---|---|---|---|
| 005 | 20250424160129.0 | ||
| 008 | 250424b |||||||| |||| 00| 0 eng d | ||
| 020 | _a9780121128906 | ||
| 050 |
_aHC 241 _b.25 BOM |
||
| 100 | _aBOMHOFF, EDUARD J | ||
| 245 |
_aFINANCIAL FORCASTING FOR BUSINESS AND ECONOMY _cEDUARD J. BOMHOFF |
||
| 260 |
_aLONDON _bACADEMIC PRESS _cc1994 |
||
| 300 | _ax,; 224p;, | ||
| 942 |
_2lcc _cBK _n0 |
||
| 999 |
_c5533 _d5533 |
||